Focus (Record no. 80416)
[ view plain ]
| 000 -LEADER | |
|---|---|
| fixed length control field | 01350cab a22002175a 4500 |
| 001 - CONTROL NUMBER | |
| control field | L144283 |
| 008 - FIXED-LENGTH DATA ELEMENTS--GENERAL INFORMATION | |
| fixed length control field | 080701e20080705xxkado f s 000 0 eng d |
| 035 ## - SYSTEM CONTROL NUMBER | |
| System control number | (Sirsi) u144283 |
| 041 0# - LANGUAGE CODE | |
| Language code of text/sound track or separate title | eng |
| 100 1# - MAIN ENTRY--PERSONAL NAME | |
| Personal name | Hadwick, Alex |
| 245 00 - TITLE STATEMENT | |
| Title | Focus |
| Remainder of title | London and North Boroughs |
| 260 ## - PUBLICATION, DISTRIBUTION, ETC. | |
| Date of publication, distribution, etc. | 2008 |
| 490 ## - SERIES STATEMENT | |
| Series statement | Estates Gazette |
| Volume/sequential designation | (826) 5 July 2008, 83-93(7) |
| 520 ## - SUMMARY, ETC. | |
| Summary, etc. | Report finds optimism in the banking sectors that staff levels will either remain the same or increase slightly; with few of those polled expecting a decrease in staff numbers. Of those polled on possible relocations, most said that if they relocated it would be to the West End; with little confidence displayed in Canary Wharf as an area, with fewest saying they would consider relocating to this locale. Discusses the redevelopment of Euston Station and states that there are competing developments in the same area; including the Argent development of University of the Arts London at Kings Cross. Also mentions development in the Borough of Islington, stating that most recent development has been in the residential sector, but that this trend looks likely to change soon. |
| 590 ## - LOCAL NOTE (RLIN) | |
| Local note | KA |
| 651 #4 - SUBJECT ADDED ENTRY--GEOGRAPHIC NAME | |
| Geographic name | England and Wales |
| Chronological subdivision | 1543- |
| 690 ## - LOCAL SUBJECT ADDED ENTRY--TOPICAL TERM (OCLC, RLIN) | |
| Topical term or geographic name as entry element | PROPERTY-COMMERCIAL PROPERTY-COMMERCIAL PROPERTY MARKET |
| 700 1# - ADDED ENTRY--PERSONAL NAME | |
| Personal name | Morrison, Adrian |
| 700 1# - ADDED ENTRY--PERSONAL NAME | |
| Personal name | Robson, Claire |
| 942 ## - ADDED ENTRY ELEMENTS (KOHA) | |
| Suppress in OPAC | 0 |
| Withdrawn status | Lost status | Source of classification or shelving scheme | Damaged status | Not for loan | Home library | Current library | Shelving location | Date acquired | Total Checkouts | Full call number | Barcode | Date last seen | Copy number | Price effective from | Koha item type |
|---|---|---|---|---|---|---|---|---|---|---|---|---|---|---|---|
| Dewey Decimal Classification | London | London | Journal article | 08/07/2008 | L144283 | 144283-2001 | 06/08/2019 | 1 | 06/08/2019 | Journal article |